Nicaragua an introduction to the Sandinista revolution (Registro nro. 90763)

Detalles MARC
000 -ENCABEZADO
Número de control [NR] 00712nam a22001937a 4500
008 - DE LONGITUD FIJA DE DATOS DE ELEMENTOS - INFORMACIÓN GENERAL
Elementos de longitud fija [NR] 130821s1982 xxua gr eng
020 ## - NUMERO INTERNACIONAL NORMALIZADO PARA LIBROS [R]
Número Internacional Normalizado del libro [NR] 0873484428
040 ## - FUENTE DE CATALOGACION [NR]
Agencia de catalogación original [NR] Co-BoUCM
Idioma de catalogación [NR] spa
041 00 - CODIGO DE IDIOMA [R]
Código de idioma para texto/pista de sonido o título separado [R] Inglés
100 1# - ASIENTO PRINCIPAL--NOMBRE PERSONAL [NR]
Nombre personal [NR] Weissberg, Arnold.
ID Autoridad 171534
245 10 - MENCION DE TITULO [NR]
Título [NR] Nicaragua an introduction to the Sandinista revolution
Mención de responsabilidad, etc. [NR] Arnold Weissberg.
260 ## - PUBLICACION, DISTRIBUCION, ETC. (PIE DE IMPRENTA) [R]
Lugar de publicación, distribución, etc. [R] Nueva York (Estados Unidos)
Nombre del editor, distribuidor, etc. [R] Pathfinder Press
Fecha de publicación, distribución, etc. [R] 1982 printing
300 ## - DESCRIPCION FISICA [R]
Extensión [R] 47 páginas
Otros detalles físicos [NR] ilustraciones
650 04 - ASIENTO SECUNDARIO DE MATERIA - TERMINO TEMATICO [R]
Término temático o nombre geográfico como elemento de entrada [NR] Historia de América
9 (RLIN) 16931
651 ## - ASIENTO SECUNDARIO DE MATERIA - NOMBRE GEOGRAFICO [R]
Nombre geográfico [NR] Nicaragua
Subdivisión general [R] Historia
Subdivisión cronológica [R] 1979-1990
9 (RLIN) 27151
651 ## - ASIENTO SECUNDARIO DE MATERIA - NOMBRE GEOGRAFICO [R]
Nombre geográfico [NR] Nicaragua
Subdivisión general [R] Historia
Subdivisión cronológica [R] Revolución, 1979
Subdivisión general [R] Causas
9 (RLIN) 27151
942 ## - ELEMENTOS DE ENTRADA AGREGADOS (KOHA)
Tipo de ítem principal el descrito en 300a Libro
Tema principal Historia
Edición 1
Parte restante de la signatura top. W432n
Sistema de clasificación DEWEY
Clasificación 972.85053
Existencias
Fecha de último préstamo Total préstamos Total Renewals Signatura topográfica Código de barras Última vez visto Ejemplar Price effective from Tipo de ítem Perdido Sistema de clasificación Dañado No prestable Tipo de ítem específico Suprimido Ubicación habitual Ubicación actual Localización Fecha de creación Forma de adquisición Costo
19/10/2015 5 3 972.85053 W432n 100088627 10/12/2025 Ej.1 03/02/2013 Libro   DEWEY     Libro   Claustro Claustro 2do piso 30/09/2008 Compra 78624.00